Statistics for Marvin Gaye - CHARLIE PUTH feat. MEGHAN TRAINOR

Click here to take the quiz!

General Stats

  • This quiz has been taken 186 times
  • The average score is 250 of 320

Answer Stats

% Correct
Marvin
100%
Gaye
99%
I
99%
it
96%
a
95%
get
92%
Let's
91%
let's
91%
on
91%
the
91%
And
89%
and
89%
You
89%
you
89%
got
85%
that
84%
That
84%
to
83%
want
83%
so
82%
Until
80%
me
79%
in
78%
like
78%
Just
75%
just
75%
say
75%
song
75%
they
75%
with
73%
dawn
72%
We
72%
be
71%
I'm
70%
no
69%
your
67%
have
66%
trouble
65%
all
64%
love
64%
one
64%
It's
63%
give
62%
healing
62%
Don't
61%
else
61%
eyes
60%
closer
59%
king
59%
please
59%
mercy
58%
ourselves
57%
size
56%
pulls
54%
share
54%
loving
53%
But
52%
keep
52%
there's
52%
my
51%
when
51%
I'd
50%
for
49%
screaming
49%
tell
49%
show
48%
up
48%
bone
47%
leave
47%
without
47%
alone
46%
dog
46%
secrets
46%
subtle
46%
yourself
46%
babe
44%
own
43%
home
41%
karma
39%
stray
38%
sutra
36%
Woah
27%

Score Distribution

Percentile by Number Answered

Percent of People with Each Score

Your Score History

You have not taken this quiz